Library of the University of Algiers 3
Ibrahim Sultan Cheibout
شعار جامعة الجزائر 3
مكتبة جامعة الجزائر 3
إبراهيم سلطان شيبوط

القانون التجاري / (رقم التسجيلة. 45658)

تفاصيل مارك
000 -LEADER
fixed length control field 01365nam a2200193Ia 4500
003 - CONTROL NUMBER IDENTIFIER
control field Ost
005 - DATE AND TIME OF LATEST TRANSACTION
control field 20260507075654.0
008 - FIXED-LENGTH DATA ELEMENTS--GENERAL INFORMATION
fixed length control field 260507s9999||||xx |||||||||||||| ||und||
040 ## - CATALOGING SOURCE
Transcribing agency fsecg
041 ## - LANGUAGE CODE
Language code of text/sound track or separate title ara
082 ## - DEWEY DECIMAL CLASSIFICATION NUMBER
Classification number 346.07
100 ## - MAIN ENTRY--PERSONAL NAME
Personal name الغرياني، المعتصم بالله
Relator term مؤلف
245 #0 - TITLE STATEMENT
Title القانون التجاري /
Statement of responsibility, etc. المعتصم بالله الغرياني
260 ## - PUBLICATION, DISTRIBUTION, ETC.
Place of publication, distribution, etc. الاسكندرية:
Name of publisher, distributor, etc. دار الجامعة الجديدة,
Date of publication, distribution, etc. 2005
300 ## - PHYSICAL DESCRIPTION
Extent 309 صفحة؛
Other physical details إيضاحات ؛
Dimensions 24 سم
520 ## - SUMMARY, ETC.
Summary, etc. نطاق القانون التجاري: الحرفة التجارية، موضوع الحرفة التجارية، القائم بالحرفة التجارية (التاجر)، أصول الحرفة التجارية (المتجر)، أحكام الحرفة التجارية: الاختصاص القضائي بالمنازعات التجارية، قواعد لإثبات في المواد التجارية، أحكام المسؤولية العقدية، أحكام المطالبة القضائية بالالتزامات القضائية بالالتزامات التجارية، المسؤولية التقصيرية التجارية، أحكام الملكية التجارية، المعاملات الواردة على الجل التجاري.
653 ## - INDEX TERM--UNCONTROLLED
Uncontrolled term القانون التجاري
942 ## - ADDED ENTRY ELEMENTS (KOHA)
Koha item type كتب

لا توجد مواد متاحة.

موارد الويب المفتوحة


© University of Algiers 3 All Rights Reserved
|
Implemented by LECHELAH Riad